Statistics for Answers are Movie Titles #2

Click here to take the quiz!

General Stats

  • This quiz has been taken 19,546 times
    (8,958 since last reset)
  • The average score is 14 of 22

Answer Stats

Clue Title % Correct
Hammer-wielding Norse GodThor
97%
Biggest country in South AmericaBrazil
87%
Arabian Nights character with a magic lampAladdin
87%
Mozart's "middle" nameAmadeus
85%
Notable Indian pacifistGandhi
84%
"Presidential" mountainRushmore
82%
First name of Cromwell or Stone!Oliver!
78%
Most populous city in MoroccoCasablanca
71%
Square root of 90,000300
70%
Attractive force between objects with massGravity
69%
Gladiator who revolted against RomeSpartacus
66%
Unfinished Biblical tower to heavenBabel
65%
Place from which British forces fled in 1940Dunkirk
60%
747 or DC-10!Airplane!
59%
First name of Mayor GiulianiRudy
57%
"Les Misérables" authorHugo
57%
City in North DakotaFargo
57%
Unit of 15-30 soldiersPlatoon
55%
South African people once led by ShakaZulu
55%
Woman's name, or city where a
civil rights march started
Selma
42%
U.S. President assassinated in 1881Garfield
37%
Latin for "unconquered"Invictus
24%

Score Distribution

Percentile by Number Answered

Percent of People with Each Score

Your Score History

You have not taken this quiz since the last reset